[Event "9th Bangabandhu Rapid Women 2021"]
[Site "Dhaka"]
[Date "2021.04.02"]
[Round "6.1"]
[White "Hamid, Rani"]
[Black "Jannatul, Ferdous"]
[Result "1/2-1/2"]
[WhiteElo "1920"]
[BlackElo "1778"]
[Annotator "ChessBase"]
[PlyCount "164"]
[EventDate "2021.04.02"]
[EventType "swiss"]
[EventCountry "BAN"]
[SourceTitle "playchess.com"]
[Source "ChessBase"]
[SourceQuality "1"]
[TimeControl "1500+10"]

1. e4 {[%emt 0:00:00]} c6 {[%emt 0:00:00]} 2. d4 {[%emt 0:00:00]} d5 {[%emt 0:00:00]} 3. Nc3 {[%emt 0:00:12]} dxe4 {[%emt 0:00:00]} 4. Nxe4 {[%emt 0:00:02]} Bf5 {[%emt 0:00:00]} 5. Ng3 {[%emt 0:00:03]} Bg6 {[%emt 0:00:00]} 6. Nf3 {[%emt 0:00:04]} Nd7 {[%emt 0:00:02]} 7. h4 {[%emt 0:00:04]} h6 {[%emt 0:00:01]} 8. h5 {[%emt 0:00:02]} Bh7 {[%emt 0:00:02]} 9. Bd3 {[%emt 0:00:06]} Bxd3 {[%emt 0:00:02]} 10. Qxd3 {[%emt 0:00:02]} e6 {[%emt 0:00:06]} 11. Bd2 {[%emt 0:00:03]} Ngf6 {[%emt 0:00:18]} 12. O-O-O {[%emt 0:00:07]} Qc7 {[%emt 0:00:08]} 13. Kb1 {[%emt 0:00:12]} O-O-O {[%emt 0:00:05]} 14. Ne4 {[%emt 0:00:13]} Nc5 {[%emt 0:00:14]} 15. Nxc5 {[%emt 0:00:18]} Bxc5 {[%emt 0:00:03]} 16. g3 {[%emt 0:00:40]} Bd6 {[%emt 0:00:20]} 17. c4 {[%emt 0:00:53]} c5 {[%emt 0:00:39]} 18. Bc3 {[%emt 0:01:54]} Rd7 {[%emt 0:03:19]} 19. Qe2 {[%emt 0:00:13]} Rhd8 {[%emt 0:01:59]} 20. dxc5 {[%emt 0:02:57]} Bxc5 {[%emt 0:00:35]} 21. Rxd7 {[%emt 0:00:45]} Rxd7 {[%emt 0:01:21]} 22. Ne5 {[%emt 0:00:20]} Rd8 {[%emt 0:00:43]} 23. f4 {[%emt 0:00:13]} Ne8 {[%emt 0:04:48]} 24. Rd1 {[%emt 0:02:34]} Rxd1+ {[%emt 0:01:12]} 25. Qxd1 {[%emt 0:00:01]} a6 {[%emt 0:02:36]} 26. Qd3 {[%emt 0:01:01]} f6 {[%emt 0:02:54]} 27. Nf3 {[%emt 0:02:41]} Qd7 {[%emt 0:01:45]} 28. Qe2 {[%emt 0:01:29]} Nd6 {[%emt 0:01:37]} 29. b4 {[%emt 0:00:14]} Ba7 {[%emt 0:00:27]} 30. g4 {[%emt 0:01:00]} Nf7 {[%emt 0:01:36]} 31. Kb2 {[%emt 0:00:54]} Qd6 {[%emt 0:01:44]} 32. Kb3 {[%emt 0:01:34]} Kd7 {[%emt 0:00:24]} 33. Qe4 {[%emt 0:01:39]} Qc6 {[%emt 0:00:53]} 34. Qd3+ {[%emt 0:00:58]} Qd6 {[%emt 0:00:07]} 35. Qe2 {[%emt 0:01:08]} Qxf4 {[%emt 0:00:26]} 36. Qd3+ {[%emt 0:02:00]} Ke7 {[%emt 0:00:14]} 37. b5 {[%emt 0:01:24]} Qxg4 {[%emt 0:00:14]} 38. Bb4+ {[%emt 0:00:14]} Ke8 {[%emt 0:00:09]} 39. bxa6 {[%emt 0:01:22]} bxa6 {[%emt 0:00:01]} 40. c5 {[%emt 0:00:27]} Qf5 {[%emt 0:00:18]} 41. Qxf5 {[%emt 0:00:51]} exf5 {[%emt 0:00:01]} 42. Nd4 {[%emt 0:00:02]} f4 {[%emt 0:00:24]} 43. Nc6 {[%emt 0:00:01]} Bxc5 {[%emt 0:00:08]} 44. Bxc5 {[%emt 0:00:03]} Ne5 {[%emt 0:00:12]} 45. Nd4 {[%emt 0:00:40]} Kd7 {[%emt 0:00:11]} 46. Nf5 {[%emt 0:00:13]} Kc6 {[%emt 0:00:06]} 47. Bf8 {[%emt 0:00:23]} f3 {[%emt 0:00:08]} 48. Bxg7 {[%emt 0:00:14]} f2 {[%emt 0:00:07]} 49. Ng3 {[%emt 0:00:07]} Ng4 {[%emt 0:00:04]} 50. Kc4 {[%emt 0:00:14]} f5 {[%emt 0:00:16]} 51. Kd3 {[%emt 0:00:12]} f4 {[%emt 0:00:16]} 52. Nf1 {[%emt 0:00:07]} Kd5 {[%emt 0:00:09]} 53. Bd4 {[%emt 0:00:18]} a5 {[%emt 0:00:09]} 54. Bb6 {[%emt 0:00:04]} a4 {[%emt 0:00:03]} 55. Ke2 {[%emt 0:00:04]} Ke4 {[%emt 0:00:20]} 56. Bxf2 {[%emt 0:00:05]} f3+ {[%emt 0:00:11]} 57. Ke1 {[%emt 0:00:06]} Nf6 {[%emt 0:00:01]} 58. Ng3+ {[%emt 0:00:09]} Kf4 {[%emt 0:00:04]} 59. Kd2 {[%emt 0:00:08]} Nd5 {[%emt 0:00:14]} 60. a3 {[%emt 0:00:13]} Kg4 {[%emt 0:00:15]} 61. Kd3 {[%emt 0:00:17]} Nf4+ {[%emt 0:00:16]} 62. Kd2 {[%emt 0:00:11]} Nh3 {[%emt 0:00:10]} 63. Ke3 {[%emt 0:00:10]} Nf4 {[%emt 0:00:05]} 64. Be1 {[%emt 0:00:12]} Nxh5 {[%emt 0:00:15]} 65. Nxh5 {[%emt 0:00:05]} Kxh5 {[%emt 0:00:00]} 66. Kxf3 {[%emt 0:00:33]} Kg5 {[%emt 0:00:06]} 67. Bd2+ {[%emt 0:00:03]} Kf6 {[%emt 0:00:01]} 68. Ke4 {[%emt 0:00:03]} Ke6 {[%emt 0:00:01]} 69. Kd4 {[%emt 0:00:05]} Kd6 {[%emt 0:00:01]} 70. Kc4 {[%emt 0:00:01]} Kc6 {[%emt 0:00:01]} 71. Kb4 {[%emt 0:00:03]} Kb6 {[%emt 0:00:01]} 72. Bxh6 {[%emt 0:01:00]} Ka6 {[%emt 0:01:22]} 73. Kxa4 {[%emt 0:00:00]} Kb6 {[%emt 0:00:00]} 74. Bf4 {[%emt 0:00:00]} Ka6 {[%emt 0:00:00]} 75. Kb4 {[%emt 0:00:00]} Kb6 {[%emt 0:00:00]} 76. a4 {[%emt 0:00:00]} Ka6 {[%emt 0:00:00]} 77. a5 {[%emt 0:00:00]} Ka7 {[%emt 0:00:00]} 78. Kb5 {[%emt 0:00:00]} Kb7 {[%emt 0:00:00]} 79. Be3 {[%emt 0:00:00]} Ka8 {[%emt 0:00:00]} 80. Kb6 {[%emt 0:00:00]} Kb8 {[%emt 0:00:00]} 81. a6 {[%emt 0:00:01]} Ka8 {[%emt 0:00:00]} 82. Bd4 {[%emt 0:00:07]} Kb8 {[%emt 0:00:00]} 1/2-1/2

[Event "9th Bangabandhu Rapid Women 2021"]
[Site "Dhaka"]
[Date "2021.04.02"]
[Round "6.2"]
[White "Talukder, Umme Taslima Protiva"]
[Black "Noshin, Anjum"]
[Result "0-1"]
[WhiteElo "1722"]
[BlackElo "1912"]
[Annotator "ChessBase"]
[PlyCount "54"]
[EventDate "2021.04.02"]
[EventType "swiss"]
[EventCountry "BAN"]
[SourceTitle "playchess.com"]
[Source "ChessBase"]
[SourceQuality "1"]
[TimeControl "1500+10"]

1. d4 {[%emt 0:00:00]} d5 {[%emt 0:00:25]} 2. c4 {[%emt 0:00:12]} c6 {[%emt 0:00:03]} 3. Nc3 {[%emt 0:00:08]} Nf6 {[%emt 0:00:03]} 4. e3 {[%emt 0:00:09]} e6 {[%emt 0:00:05]} 5. Nf3 {[%emt 0:00:05]} Nbd7 {[%emt 0:00:23]} 6. Bd3 {[%emt 0:00:13]} dxc4 {[%emt 0:00:03]} 7. Bxc4 {[%emt 0:00:03]} b5 {[%emt 0:00:02]} 8. Be2 {[%emt 0:00:33]} a6 {[%emt 0:00:08]} 9. a3 {[%emt 0:00:44]} c5 {[%emt 0:00:49]} 10. O-O {[%emt 0:00:43]} Bb7 {[%emt 0:01:01]} 11. b3 {[%emt 0:01:59]} Be7 {[%emt 0:00:23]} 12. Bb2 {[%emt 0:00:18]} O-O {[%emt 0:00:15]} 13. Rc1 {[%emt 0:00:24]} Rc8 {[%emt 0:00:16]} 14. Qd2 {[%emt 0:00:49]} Ne4 {[%emt 0:01:20]} 15. Nxe4 {[%emt 0:00:20]} Bxe4 {[%emt 0:00:02]} 16. a4 {[%emt 0:02:14]} bxa4 {[%emt 0:03:59]} 17. bxa4 {[%emt 0:01:21]} Qb6 {[%emt 0:04:08]} 18. Ba3 {[%emt 0:03:41]} Rfe8 {[%emt 0:00:52]} 19. a5 {[%emt 0:01:35]} Qb7 {[%emt 0:00:16]} 20. Rfd1 {[%emt 0:03:29]} h6 {[%emt 0:02:31]} 21. h3 {[%emt 0:01:06]} Bd5 {[%emt 0:03:13]} 22. Rb1 {[%emt 0:01:37]} Qc6 {[%emt 0:00:33]} 23. dxc5 {[%emt 0:00:31]} Nxc5 {[%emt 0:03:05]} 24. Rb6 {[%emt 0:02:16]} Qa4 {[%emt 0:00:04]} 25. Bxc5 {[%emt 0:03:27]} Bxc5 {[%emt 0:00:02]} 26. Bxa6 {[%emt 0:00:41]} Bxb6 {[%emt 0:02:40]} 27. Bxc8 {[%emt 0:00:24]} Bxa5 {[%emt 0:00:42]} 0-1

[Event "9th Bangabandhu Rapid Women 2021"]
[Site "Dhaka"]
[Date "2021.04.02"]
[Round "6.3"]
[White "Sultana, Sharmin Shirin"]
[Black "Sultana, Zakia"]
[Result "1-0"]
[WhiteElo "2006"]
[BlackElo "1786"]
[Annotator "ChessBase"]
[PlyCount "51"]
[EventDate "2021.04.02"]
[EventType "swiss"]
[EventCountry "BAN"]
[SourceTitle "playchess.com"]
[Source "ChessBase"]
[SourceQuality "1"]
[TimeControl "1500+10"]

1. d4 {[%emt 0:25:10]} d5 {[%emt 0:25:10]} 2. Nf3 {[%emt 0:00:10]} c6 {[%emt 0:00:10]} 3. c4 {[%emt 0:00:10]} Nf6 {[%emt 0:00:10]} 4. Nc3 {[%emt 0:00:10]} Bg4 {[%emt 0:00:10]} 5. Ne5 {[%emt 0:00:10]} e6 {[%emt 0:00:10]} 6. Nxg4 {[%emt 0:00:10]} Nxg4 {[%emt 0:00:10]} 7. e4 {[%emt 0:00:10]} Nf6 {[%emt 0:00:10]} 8. cxd5 {[%emt 0:00:10]} exd5 {[%emt 0:00:10]} 9. e5 {[%emt 0:00:10]} Ng8 {[%emt 0:00:10]} 10. Be3 {[%emt 0:00:10]} Nd7 {[%emt 0:00:10]} 11. Be2 {[%emt 0:00:10]} Ne7 {[%emt 0:00:10]} 12. Bg4 {[%emt 0:00:10]} Nb6 {[%emt 0:00:10]} 13. Bg5 {[%emt 0:00:10]} Qc7 {[%emt 0:00:10]} 14. Rc1 {[%emt 0:00:10]} a6 {[%emt 0:00:10]} 15. O-O {[%emt 0:00:10]} h6 {[%emt 0:00:10]} 16. Bh4 {[%emt 0:00:10]} Ng6 {[%emt 0:00:10]} 17. Bg3 {[%emt 0:00:10]} Qd8 {[%emt 0:00:10]} 18. e6 {[%emt 0:00:10]} fxe6 {[%emt 0:00:10]} 19. Re1 {[%emt 0:00:10]} Qg5 {[%emt 0:00:10]} 20. Rxe6+ {[%emt 0:00:10]} Ne7 {[%emt 0:00:10]} 21. h4 {[%emt 0:00:10]} Qxc1 {[%emt 0:00:10]} 22. Qxc1 {[%emt 0:00:10]} g6 {[%emt 0:00:10]} 23. Qe1 {[%emt 0:00:10]} Kf7 {[%emt 0:00:10]} 24. Qe5 {[%emt 0:00:10]} Rh7 {[%emt 0:00:10]} 25. h5 {[%emt 0:00:10]} Nc4 {[%emt 0:00:10]} 26. hxg6+ {[%emt 0:00:10]} 1-0

[Event "9th Bangabandhu Rapid Women 2021"]
[Site "Dhaka"]
[Date "2021.04.02"]
[Round "6.4"]
[White "Ahmed, Walijah"]
[Black "Parveen, Tanima"]
[Result "1/2-1/2"]
[WhiteElo "1902"]
[BlackElo "1984"]
[Annotator "ChessBase"]
[PlyCount "43"]
[EventDate "2021.04.02"]
[EventType "swiss"]
[EventCountry "BAN"]
[SourceTitle "playchess.com"]
[Source "ChessBase"]
[SourceQuality "1"]
[TimeControl "1500+10"]

1. e4 {[%emt 0:25:10]} e5 {[%emt 0:25:10]} 2. Nf3 {[%emt 0:00:10]} Nc6 {[%emt 0:00:10]} 3. Bb5 {[%emt 0:00:10]} a6 {[%emt 0:00:10]} 4. Ba4 {[%emt 0:00:10]} Nf6 {[%emt 0:00:10]} 5. O-O {[%emt 0:00:10]} b5 {[%emt 0:00:10]} 6. Bb3 {[%emt 0:00:10]} Be7 {[%emt 0:00:10]} 7. Re1 {[%emt 0:00:10]} d6 {[%emt 0:00:10]} 8. c3 {[%emt 0:00:10]} O-O {[%emt 0:00:10]} 9. d4 {[%emt 0:00:10]} Bg4 {[%emt 0:00:10]} 10. d5 {[%emt 0:00:10]} Nb8 {[%emt 0:00:10]} 11. Nbd2 {[%emt 0:00:10]} c6 {[%emt 0:00:10]} 12. dxc6 {[%emt 0:00:10]} Nxc6 {[%emt 0:00:10]} 13. h3 {[%emt 0:00:10]} Be6 {[%emt 0:00:10]} 14. Nf1 {[%emt 0:00:10]} h6 {[%emt 0:00:10]} 15. Ng3 {[%emt 0:00:10]} Qd7 {[%emt 0:00:10]} 16. Nh4 {[%emt 0:00:10]} d5 {[%emt 0:00:10]} 17. Nhf5 {[%emt 0:00:10]} Bc5 {[%emt 0:00:10]} 18. exd5 {[%emt 0:00:10]} Bxd5 {[%emt 0:00:10]} 19. Bxd5 {[%emt 0:00:10]} Qxd5 {[%emt 0:00:10]} 20. Qc2 {[%emt 0:00:10]} Rfd8 {[%emt 0:00:10]} 21. Be3 {[%emt 0:00:10]} Bxe3 {[%emt 0:00:10]} 22. Nxe3 {[%emt 0:00:10]} 1/2-1/2

[Event "9th Bangabandhu Rapid Women 2021"]
[Site "Dhaka"]
[Date "2021.04.03"]
[Round "7.1"]
[White "Noshin, Anjum"]
[Black "Jannatul, Ferdous"]
[Result "1-0"]
[WhiteElo "1874"]
[BlackElo "1781"]
[Annotator "NA RC"]
[PlyCount "131"]
[EventDate "2021.04.02"]
[EventType "swiss"]
[EventCountry "BAN"]
[SourceTitle "playchess.com"]
[Source "ChessBase"]
[SourceQuality "1"]
[TimeControl "1500+10"]

1. e4 {[%emt 0:00:00]} c6 {[%emt 0:00:00]} 2. d4 {[%emt 0:00:00]} d5 {[%emt 0:00:01]} 3. Nc3 {[%emt 0:00:00]} dxe4 {[%emt 0:00:02]} 4. Nxe4 {[%emt 0:00:00]} Bf5 {[%emt 0:00:01]} 5. Ng3 {[%emt 0:00:00]} Bg6 {[%emt 0:00:02]} 6. h4 {[%emt 0:00:00]} h6 {[%emt 0:00:01]} 7. Nf3 {[%emt 0:00:01]} Nd7 {[%emt 0:00:07]} 8. h5 {[%emt 0:00:02]} Bh7 {[%emt 0:00:01]} 9. Bd3 {[%emt 0:00:01]} Bxd3 {[%emt 0:00:01]} 10. Qxd3 {[%emt 0:00:02]} e6 {[%emt 0:00:02]} 11. Bf4 {[%emt 0:01:30]} Qa5+ {[%emt 0:00:07]} 12. Bd2 {[%emt 0:01:14]} Qc7 {[%emt 0:00:02]} 13. O-O-O {[%emt 0:00:44]} Ngf6 {[%emt 0:00:13]} 14. Kb1 {[%emt 0:00:23]} O-O-O {[%emt 0:00:06]} 15. Qe2 {[%emt 0:00:21]} c5 {[%emt 0:02:00]} 16. dxc5 {[%emt 0:01:57]} Bxc5 {[%emt 0:00:58]} 17. Be3 {[%emt 0:02:01]} (17. Rh4 $14) 17... Bxe3 {[%emt 0:02:51]} 18. Qxe3 {[%emt 0:00:08]} Nd5 {[%emt 0:00:19]} 19. Qxa7 {[%emt 0:01:53]} N7b6 {[%emt 0:00:30]} 20. Qa5 {[%emt 0:05:20]} Nf4 {[%emt 0:03:21]} 21. Qe5 {[%emt 0:01:34]} f6 {[%emt 0:06:39]} 22. Qxc7+ {[%emt 0:00:18]} Kxc7 {[%emt 0:00:01]} 23. Nd4 {[%emt 0:00:23]} Rhe8 {[%emt 0:00:30]} 24. Nge2 {[%emt 0:01:05]} Nfd5 {[%emt 0:04:23]} 25. Nb5+ {[%emt 0:00:39]} Kb8 {[%emt 0:00:23]} 26. Nec3 {[%emt 0:00:35]} Rd7 {[%emt 0:02:05]} 27. Nxd5 {[%emt 0:00:40]} Rxd5 {[%emt 0:01:21]} 28. Nc3 {[%emt 0:00:13]} Rg5 {[%emt 0:00:42]} 29. g3 {[%emt 0:00:19]} Rc8 {[%emt 0:00:57]} 30. Rde1 {[%emt 0:02:11]} Rc6 {[%emt 0:00:31]} 31. Ne2 {[%emt 0:01:04]} Rd5 {[%emt 0:00:53]} 32. Rd1 {[%emt 0:01:06]} Rdc5 {[%emt 0:00:49]} 33. c3 {[%emt 0:00:56]} e5 {[%emt 0:00:09]} 34. Rd8+ {[%emt 0:00:42]} Rc8 {[%emt 0:00:11]} 35. Rhd1 {[%emt 0:00:24]} Kc7 {[%emt 0:00:13]} 36. Rxc8+ {[%emt 0:00:10]} Nxc8 {[%emt 0:00:05]} 37. Nc1 {[%emt 0:00:43]} e4 {[%emt 0:00:13]} 38. Rh1 {[%emt 0:01:50]} Rf5 {[%emt 0:00:06]} 39. Rh4 {[%emt 0:00:09]} Nd6 {[%emt 0:00:13]} 40. Rh2 $1 {[%emt 0:00:41]} Nc4 {[%emt 0:00:03]} 41. Nb3 {[%emt 0:00:03]} Nd6 {[%emt 0:00:20]} 42. Nd4 {[%emt 0:00:05]} Re5 {[%emt 0:00:08]} 43. Rh4 {[%emt 0:00:12]} b6 {[%emt 0:00:12]} 44. Rg4 {[%emt 0:00:06]} Ne8 {[%emt 0:00:13]} 45. Kc2 {[%emt 0:00:08]} f5 {[%emt 0:00:10]} 46. Rg6 {[%emt 0:00:06]} Re7 {[%emt 0:00:13]} 47. Nxf5 {[%emt 0:00:35]} Rf7 {[%emt 0:00:07]} 48. g4 {[%emt 0:00:02]} b5 {[%emt 0:00:13]} 49. Kd2 {[%emt 0:00:04]} Nf6 {[%emt 0:00:10]} 50. Rxg7 {[%emt 0:00:17]} Rxg7 {[%emt 0:00:02]} 51. Nxg7 {[%emt 0:00:02]} Nxg4 {[%emt 0:00:02]} 52. Ke2 {[%emt 0:00:02]} Kd6 {[%emt 0:00:06]} 53. f3 {[%emt 0:00:09]} exf3+ {[%emt 0:00:09]} 54. Kxf3 {[%emt 0:00:01]} Ne5+ {[%emt 0:00:03]} 55. Ke4 {[%emt 0:00:05]} Nc4 {[%emt 0:00:19]} 56. b3 {[%emt 0:00:13]} Nd2+ {[%emt 0:00:19]} 57. Kd3 {[%emt 0:00:03]} Nf1 {[%emt 0:00:07]} 58. Nf5+ {[%emt 0:00:03]} Ke6 {[%emt 0:00:03]} 59. Nxh6 {[%emt 0:00:02]} Ng3 {[%emt 0:00:04]} 60. Ng4 {[%emt 0:00:10]} Nxh5 {[%emt 0:00:02]} 61. c4 {[%emt 0:00:09]} bxc4+ {[%emt 0:00:19]} 62. Kxc4 {[%emt 0:00:04]} Kd6 {[%emt 0:00:02]} 63. Ne3 {[%emt 0:00:03]} Kc6 {[%emt 0:00:05]} 64. Nf5 {[%emt 0:00:02]} Nf4 {[%emt 0:00:19]} 65. b4 $18 {[%emt 0:00:02]} Ne2 {[%emt 0:00:16]} 66. Nd4+ {[%emt 0:01:53]} 1-0

[Event "9th Bangabandhu Rapid Women 2021"]
[Site "Dhaka"]
[Date "2021.04.03"]
[Round "7.2"]
[White "Parveen, Tanima"]
[Black "Hamid, Rani"]
[Result "1/2-1/2"]
[WhiteElo "1984"]
[BlackElo "1923"]
[Annotator "TA"]
[PlyCount "145"]
[EventDate "2021.04.02"]
[EventType "swiss"]
[EventCountry "BAN"]
[SourceTitle "playchess.com"]
[Source "ChessBase"]
[SourceQuality "1"]

{[%evp 22,145,0,-8,-10,-37,-34,-38,0,-7,-11,-38,127,110,101,105,168,76,92,91,146,149,149,105,98,108,124,138,104,60,97,81,122,10,99,128,108,122,123,116,163,147,184,181,178,126,127,43,31,40,29,21,10,8,51,49,98,109,286,286,286,282,271,257,250,256,444,437,441,345,249,0,440,429,379,325,389,379,382,381,382,363,370,367,419,419,362,0,408,389,554,544,543,535,478,345,295,191,191,79,95,56,261,56,62,56,50,0,0,0,0,0,0,0,0,0,0,0,5241,5279,1256,0,0,0,0,0]} 1. e4 c5 2. c3 d5 3. exd5 Qxd5 4. d4 Nc6 5. Nf3 e6 6. Be2 Nf6 7. O-O cxd4 8. cxd4 Be7 9. Nc3 Qd6 10. a3 O-O 11. h3 b6 12. Be3 Bb7 {B22: Sicilian: 2 c3.} 13. b4 (13. Qa4 Rac8 14. Rac1 h6 15. Rfd1 Rfd8 16. b4 Qb8 17. Qb3 Bf8 18. d5 exd5 19. Nxd5 Nxd5 20. Rxd5 Rxd5 21. Qxd5 Nxb4 22. Rxc8 Qxc8 {0-1 (57) Parveen,T (2043)-Hamid,R (1982) Dhaka 2014}) 13... Rac8 14. Qb3 h6 {Black is slightly better.} 15. Rfd1 Rfd8 16. Rac1 {[#]} a5 $146 (16... Bf8 $15 {keeps the upper hand.}) ({Predecessor:} 16... Bf8 17. Bc4 Ne7 18. Ne5 Ned5 19. Nxd5 Bxd5 20. Qa4 a5 21. Bd2 Bxc4 22. Nxc4 Qb8 {0-1 (60) Wang,C (2490)-Yu,Y (2615) Xinghua 2012}) 17. d5 $1 $16 {[%cal Rd5c6][%mdl 64] Discovered Attack} exd5 {[%cal Ra5b4]} 18. Bxb6 Rd7 (18... axb4 $16 19. Bxd8 Rxd8) 19. Bc5 (19. bxa5 $18 {is more deadly.} Qxa3 20. Qxa3 Bxa3 21. Rb1) 19... Qb8 20. Na4 (20. Nxd5 $2 Nxd5 21. Rxd5 Rxd5 $19) 20... Bxc5 (20... axb4 $142 21. Nb6 (21. axb4 Rdc7 $16) 21... Bxc5 22. Rxc5 Nd4 23. Nxd4 (23. Rxc8+ Bxc8 24. Nxd4 Qxb6 $14) 23... Rxc5) 21. Nxc5 ({Don't do} 21. bxc5 Re8 $16) 21... Re7 22. Bd3 axb4 23. axb4 Ne5 24. Nxe5 Rxe5 25. Ra1 Ba8 26. Qc3 {Threatens to win with Rxa8!} Rce8 27. Ra5 ({White should try} 27. Qd4 $16) 27... Qc7 (27... d4 $1 $11 28. Qd2 Bc6) 28. Rda1 d4 29. Qxd4 Re1+ 30. Bf1 Qc6 {[%csl Ga8][%cal Rc6g2]} 31. f3 $1 Qd5 32. Qxd5 Bxd5 33. Rxe1 (33. Ne4 $18 Rxa1 34. Nxf6+ gxf6 35. Rxa1) 33... Rxe1 34. Nd3 (34. Kf2 $16 Rb1 35. b5) 34... Rb1 $14 35. Kf2 Bc4 36. Ra8+ Kh7 37. Be2 g6 (37... Nd5 {is interesting.} 38. Rb8 g6 39. h4 Bxd3 40. Bxd3 Rxb4 41. Rxb4 Nxb4 42. Be4 f5) 38. Ra7 Kg7 39. Ne5 {[%mdl 64] Discovered Attack} Be6 {[#]} (39... Bd5 $16) 40. Nxf7 $1 $18 {[%mdl 512]} Bxf7 41. Bc4 $1 Rb2+ 42. Kg1 Rb1+ 43. Kh2 Nh5 $2 (43... Rxb4 44. Rxf7+ Kh8) 44. Rxf7+ {[%mdl 4096] Endgame KRB-KRN} Kh8 45. Rf8+ Kg7 46. Rf7+ (46. Rg8+ Kh7 {[#]} 47. Rxg6 $3 {[%mdl 512]} Rxb4 48. Rg4) 46... Kh8 $1 47. b5 Rb2 48. Bd3 g5 49. Rh7+ Kg8 {If only Black now had time for ...Nf4....} 50. Rxh6 Nf4 51. Bf1 Kg7 52. Rc6 Rb1 53. Bc4 Rb2 54. Bf1 Rb1 $1 55. Kg1 Ne2+ (55... Nd5 {is a better defense.} 56. Re6 Nf4) 56. Kf2 Nd4 57. Rc5 Kf6 58. Rd5 Rb2+ 59. Kg1 Nf5 60. Bd3 (60. Rd8 $18) 60... Ne3 $16 61. Rc5 (61. Rd8 {is more complex.} Nxg2 62. Rb8 Nf4 63. Be4 Nxh3+ 64. Kf1) 61... Rxg2+ 62. Kh1 {Strongly threatening b6.} Rd2 $1 {[%cal Rd2d3]} 63. Be4 {b6 is the strong threat.} Rb2 64. Rc6+ Ke5 65. b6 {aiming for Rc5+.} Kf4 $1 66. b7 Kg3 67. Rc1 Rh2+ {[%mdl 64] Double Attack} 68. Kg1 Rg2+ 69. Kh1 Rb2 $2 {[%mdl 8192]} (69... Rh2+ $11 70. Kg1 Rg2+ 71. Kh1 Rh2+ {[%mdl 64] Double Attack}) 70. Rg1+ $18 Kxh3 71. Rb1 $2 (71. Rxg5 $18 Nc4 72. Rg8) 71... Rh2+ $11 72. Kg1 Rg2+ 73. Kh1 {Weighted Error Value: White=0.35/Black=0.31} 1/2-1/2

[Event "9th Bangabandhu Rapid Women 2021"]
[Site "Dhaka"]
[Date "2021.04.03"]
[Round "7.3"]
[White "Sultana, Sharmin Shirin"]
[Black "Talukder, Umme Taslima Protiva"]
[Result "0-1"]
[WhiteElo "2002"]
[BlackElo "1698"]
[Annotator "TA"]
[PlyCount "154"]
[EventDate "2021.04.02"]
[EventType "swiss"]
[EventCountry "BAN"]
[SourceTitle "playchess.com"]
[Source "ChessBase"]
[SourceQuality "1"]

{[%evp 11,154,13,29,20,18,3,4,10,25,16,44,31,63,75,110,45,39,33,44,50,55,24,29,10,43,53,79,22,22,18,22,22,36,-69,34,31,28,8,14,10,16,17,6,0,0,-17,0,0,33,4,26,24,21,0,0,0,142,141,155,14,196,197,250,83,239,233,585,577,1300,556,509,383,491,106,498,491,613,-196,596,-228,-206,-203,-200,-187,-112,-112,-116,-29979,-97,-129,-106,-122,0,-89,-87,-94,-97,-98,-77,-77,-77,-77,-77,-99,-99,-116,-116,-116,-64,-95,-64,-116,0,-95,-95,-116,-116,-116,-116,-116,-116,-116,-104,-104,-104,-104,-104,-104,-104,-112,-84,-111,-34,-34,-34,-34,-34,-34,-34,-34,-34,-36,-34,-35,-50]} 1. d4 d5 2. Nf3 Nf6 3. c4 c6 4. Nc3 e6 5. Bg5 Bb4 6. Bxf6 Qxf6 7. e3 {D43: Semi-Slav: 5 Bg5 h6.} O-O 8. Be2 Nd7 9. O-O {The position is equal.} Re8 10. Qc2 {[#]} Nf8 $146 ({Predecessor:} 10... dxc4 11. Bxc4 Bxc3 12. bxc3 e5 13. Bd3 exd4 14. cxd4 Qh6 15. Rab1 g6 16. e4 Nf6 17. Ne5 Nh5 18. Bc4 Re7 19. Qb3 Qg7 20. Qb4 {½-½ (20) Hartmann,M (1543)-Kadenbach,W (1704) Germany 2010}) 11. e4 dxe4 12. Nxe4 Qe7 13. a3 ({White should try} 13. c5 $16 {Black must now prevent Qa4.} Qd8 14. Nd6) 13... Ba5 $14 14. Bd3 h6 15. Rad1 Rd8 16. b4 Bc7 17. Rfe1 b6 18. Nc3 a5 19. c5 (19. Be4 $16) 19... axb4 20. axb4 bxc5 21. bxc5 Bd7 22. Ra1 (22. Rb1 $14) 22... Rdb8 (22... Rxa1 $1 $15 23. Rxa1 e5) 23. Rxa8 Rxa8 24. Qb3 Qd8 25. h3 Be8 26. Be4 Nh7 27. Na2 Nf6 28. Bc2 Rb8 29. Qd3 Ba5 30. Rd1 Rb2 31. Nc3 Bc7 32. Ne4 Nd5 33. Nc3 Nb4 (33... Nf6 $11) 34. Qh7+ $16 Kf8 35. Be4 (35. Qh8+ $16 Ke7 36. Be4 (36. Qxg7 Rxc2 37. Ne4 Nd5 $17)) 35... Qf6 $2 (35... f5 $11 {and Black is okay.}) 36. Na4 $18 Ra2 (36... Rb3 $142) 37. Nb6 $2 (37. Qh8+ $18 Ke7 38. Nb6 Bxb6 39. cxb6) 37... Bxb6 $2 (37... g5 $16 {is a better defense.}) 38. cxb6 Ra6 $2 (38... Na6 39. Rb1 Nb8) 39. b7 Rb6 40. Ne5 (40. Qh8+ $142 Ke7 41. Ra1) 40... Rxb7 41. Rb1 Rb6 42. Nc4 $2 (42. Rb3 $18 {and the rest is easy.} Nd3 43. Rxd3 (43. Rxb6 Qxf2+ 44. Kh1 Nxe5 $11) 43... Rb1+ 44. Kh2 Qxf2 45. Ng6+ $1 {[%mdl 512]} fxg6 46. Rf3+ {[%mdl 64] Discovered Attack} Qxf3 47. gxf3) 42... Rb7 $2 {[%mdl 8192]} (42... Rb8 $16) 43. Nd6 Rb8 44. Qh8+ Ke7 {[#]} 45. Nc8+ $4 {[%mdl 8192]} Rxc8 $19 46. Rxb4 Bd7 47. Qh7 {[#]} c5 (47... Qf4 $1 $19 48. Rb1 Ra8) 48. dxc5 $17 Rxc5 {( -> ...Rc1+)} 49. Bf3 $2 {[%mdl 8192]} (49. Rb1 $17) 49... Qe5 $2 (49... Rc1+ {mates} 50. Bd1 Rxd1+ 51. Kh2 Qxf2 52. Qe4 g5 53. Qf3 Qg1+ 54. Kg3 Qe1+ 55. Kh2 Qe5+ 56. Qg3 {[#]} Rh1+ $3 {[%mdl 576] Deflection} 57. Kxh1 Qxg3 58. Rc4 Qe1+ 59. Kh2 Qd2 60. Kg1 Qe2 61. Rg4 Bb5 62. Kh1 Qe1+ 63. Kh2 f5 64. Rd4 Qe5+ {[%mdl 64] Double Attack} 65. g3 Qe2+ 66. Kh1 Bc6+ 67. Re4 Bxe4+ 68. Kg1 Qg2#) 50. Qb1 Qg5 {And now ...Rc1+ would win.} 51. Kh2 Qe5+ ({Black should play} 51... Qd2 $17 52. Rg4 g5) 52. g3 (52. Kg1 $11) 52... Qf5 53. Kg2 Qxb1 54. Rxb1 Bc6 55. Bxc6 Rxc6 {[%mdl 4096] Endgame KR-KR} 56. Rb7+ Kf6 57. g4 g5 58. Kg3 Rc3+ 59. f3 Rc4 (59... h5 $17 60. Rb2 h4+ 61. Kg2 Kg7) 60. Ra7 Rf4 61. Kf2 (61. Ra6 $15) 61... Rc4 62. Kg3 $1 Kg6 63. Ra6 h5 64. gxh5+ Kxh5 65. Ra7 Kg6 66. Rb7 f5 67. Rb6 Kf6 68. Ra6 Rd4 69. Rb6 Rh4 70. Rb8 Rh7 71. Rf8+ Ke5 (71... Kg7 $17 72. Ra8 Rh4) 72. Rg8 $15 {Black is slightly better.} f4+ 73. Kg2 Rh5 74. Rd8 Rh6 75. Rg8 Kf5 76. Rf8+ Rf6 77. Ra8 e5 {And White is the lucky defender.  Weighted Error Value: White=0.71/Black=0.70} 0-1